01785cam a2200433Ia 450000100090000000300090000900500170001800800410003502000150007604000380009104900090012908200250013809000240016310000290018724500680021626000110028426400510029530000280034644000750037450000560044950400690050550503270057452600100090152600100091152600100092152600100093152600080094152600080094952600080095752600080096552600080097352600080098152600080098963000450099794200150104299900170105798001100107495201670118435861760PE-LiUPU20250731173603.0961107s1996 enk b 001 0 eng d a1850756368 aDWTcPE-LiUPUdPE-LiUPUbspaerda aEXNs 223a227.97066bL259t aBS2815.2b.L36 19961 aLandon, Charles.eautor.12aA text-critical study of the Epistle of Jude /cCharles Landon. cc1996. aSheffield :bSheffield Academic Press,cc1996. a172 páginas ;c24 cm. 0aJournal for the study of the New Testament.pSupplement series ;v135. a"Appendix C: The Greek text of Jude": p. [149]-150. aIncluye referencias bibliográficas (p. [151]-165) e índices. aINTRODUCTION -- Research aims -- Preamble -- Defining and substantiating an eclectic approach -- Practising and eclectic approach -- mThe apparatus for Jude -- Decimal headings -- DISCUSSION OF VARIANTS -- CONCLUSION -- Eclecticism an internal evidence -- The greek text of Jude in the greek new testament, fourth edition. aSEG42 aSEG41 aSEG40 aSEG39 aP94 aP87 aP86 aP85 aP77 aP76 aP3514aBiblia.pJudasxCrítica textual.95066 2ddccBKn0 c62866d62865 618226aJaime Vilcazán Jefe de Análisis Documental81gALBERTO SANCHEZ Responsable de Automatización r2025-12-03 00:00:00l0o227.97066 L259tp82550te1v15.00w2025-03-06xFACTEOyBK102ddc50708GENfP35aBULbBULcGENd2025-03-06eDonación, Merling Alomía